Aká forma publikácie? (Radoslav Cybulski "Serie ksiažek kieszonkowych w Polsce w latach 1966-1970")

Bibliographic Details
Main Author: Horáriková, Marta (Author)
Format: Article
Language:Slovak
Subjects:

MARC

LEADER 00000nab a2200000 a 4500
001 vtls010069083
003 SK-MaSNL
005 20260304155655.0
008 250507c1973 xo m n 0 slo
015 |a SNBRB2010/02  |2 snkbucl 
035 |a (uuid)e3ddc057-db12-4793-a24c-b232067aa26e 
035 |a urn:nbn:sk:snk-abc5oj 
035 |a (urnnbn)urn:nbn:sk:snk:ar-000oso 
040 |a SNKBUCL  |b slo  |c SNKBUCL  |e AACR2 
041 0 |a slo 
044 |a xo  |c SK 
080 |a 655  |2 1997 
100 1 |a Horáriková, Marta  |4 aut  |9 1481583 
245 1 0 |a Aká forma publikácie?  |b (Radoslav Cybulski "Serie ksiažek kieszonkowych w Polsce w latach 1966-1970")  |c Marta Horáriková 
650 0 7 |a knihy  |2 snkbucl  |9 19731 
650 0 7 |a vydávanie  |2 snkbucl  |9 879677 
655 7 |a rozhovory  |2 snkbucl  |9 31831 
773 0 |t Čitateľ  |g Roč. 22, č. č. 11 (1973), s. 6 
850 |a Slovenská národná knižnica 
852 |a Slovenská národná knižnica 
954 |a odborná, vedecká literatúra pôvodná (slovenská)  |2 lita 
958 |a article15 
958 |a OND 
958 |a EUIPO 
999 |c 2963739  |d 2965669